000 00398nam a2200145Ia 4500
008 100122s9999 xx 000 0 und d
082 _b53448
_a823
100 _aशिरवळकर सुहास
245 _aहमखास
260 _bकल्पना बुक डिलर्स
_c1996
300 _a112
630 _aहमखास
730 _aहमखास
942 _cBOOK
999 _c430461
_d430458